| 000 | 00417nam a2200157Ia 4500 | ||
|---|---|---|---|
| 005 | 20250424120329.0 | ||
| 008 | 250424s9999 xx 000 0 und d | ||
| 022 | _a08849382 | ||
| 050 | _aUA10.5 .N38/ | ||
| 245 | 4 | _aThe national interest | |
| 260 | _bMinistry of Culture and Tourism | ||
| 260 | _c2010 | ||
| 300 | _a96 p. , : ill. ; 26 cm. | ||
| 650 | _aSecurity--periodicals. Armies--periodicals. | ||
| 942 | _cSR | ||
| 999 |
_c38703 _d38703 |
||